Cedula de 25 de noviembre de 1782. (Record no. 8344)

MARC details
000 -CABECERA
campo de control de longitud fija 00755nam a2200241 a 4500
001 - NÚMERO DE CONTROL
campo de control BRCA_8689
005 - FECHA Y HORA DE LA ÚLTIMA TRANSACCIÓN
campo de control 20190320210352.0
008 - DATOS DE LONGITUD FIJA--INFORMACIÓN GENERAL
campo de control de longitud fija 081216s1761----mx-#######---#000-0#spa-#
041 ## - CÓDIGO DE LENGUA
Código de lengua del texto/banda sonora o título independiente spa
044 ## - CÓDIGO DEL PAÍS DE LA ENTIDAD EDITORA/PRODUCTORA
Código MARC del país mx
245 10 - MENCIÓN DE TÍTULO
Título Cedula de 25 de noviembre de 1782.
260 ## - PUBLICACIÓN, DISTRIBUCIÓN, ETC.
Lugar de publicación, distribución, etc. México
Nombre del editor, distribuidor, etc. [s.i.]
Fecha de publicación, distribución, etc. 1761
300 ## - DESCRIPCIÓN FÍSICA
Extensión 96 p.
Dimensiones 30 cm
500 ## - NOTA GENERAL
Nota general Fondo antiguo
500 ## - NOTA GENERAL
Nota general Se encuentra en Caja Fuerte
500 ## - NOTA GENERAL
Nota general D-127
500 ## - NOTA GENERAL
Nota general Texto en manuscrito, con sellos
500 ## - NOTA GENERAL
Nota general Dentro de la carpeta se encuentra una hoja azul de cuaderno suelta
500 ## - NOTA GENERAL
Nota general Nota de encuadernación: carpeta en piel pergamino
506 0# - NOTA DE RESTRICCIONES AL ACCESO
Limitaciones de acceso Fondo reservado: para su consulta es necesario credencial de usuario y carta de motivos
902 ## - CATALOGADOR
Iniciales LAR
942 ## - ELEMENTOS DE PUNTO DE ACCESO ADICIONAL (KOHA)
Fuente del sistema de clasificación o colocación Library of Congress Classification
Tipo de ítem Koha Libros
Holdings
Estado de retiro Estado de pérdida Estado dañado No para préstamo Localización permanente Ubicación/localización actual Fecha de adquisición Número de inventario Total de préstamos Signatura topográfica completa Código de barras Fecha visto por última vez Precio válido a partir de Tipo de ítem Koha
El ejemplar forma parte de la colección y puede ser consultado según las políticas vigentes.       Biblioteca del Museo Franz Mayer (Rogerio Casas-Alatriste) Biblioteca del Museo Franz Mayer (Rogerio Casas-Alatriste) 08/12/2016 D-127   (D-127) LAR00184 22/03/2019 22/03/2019 Libros